[Event "56th Rubinstein Memorial A 2020"]
[Site "Polanica Zdroj"]
[Date "2020.08.20"]
[Round "6.19"]
[White "Czarniecka, Aleksandra"]
[Black "Siekanska, Maria"]
[Result "1-0"]
[WhiteElo "2043"]
[BlackElo "1928"]
[Annotator "ChessBase"]
[PlyCount "97"]
[EventDate "2020.08.15"]
[EventType "swiss"]
[EventCountry "POL"]
[SourceTitle "playchess.com"]
[Source "ChessBase"]
[SourceQuality "1"]
[TimeControl "40/5400+30:1800+30"]

1. e4 {[%emt 0:00:00]} c5 {[%emt 0:00:00]} 2. Nf3 {[%emt 0:00:00]} e6 {[%emt 0:00:00]} 3. d4 {[%emt 0:00:00]} cxd4 {[%emt 0:00:00]} 4. Nxd4 {[%emt 0:00:00]} Nf6 {[%emt 0:00:00]} 5. Nc3 {[%emt 0:00:00]} d6 {[%emt 0:00:08]} 6. g4 {[%emt 0:00:00]} Nc6 {[%emt 0:00:07]} 7. g5 {[%emt 0:00:07]} Nd7 {[%emt 0:00:06]} 8. Be3 {[%emt 0:00:18]} Be7 {[%emt 0:00:11]} 9. h4 {[%emt 0:00:08]} O-O {[%emt 0:00:13]} 10. Qd2 {[%emt 0:00:44]} Nde5 {[%emt 0:00:19]} 11. Be2 {[%emt 0:00:15]} Nxd4 {[%emt 0:00:43]} 12. Bxd4 {[%emt 0:00:37]} Nc6 {[%emt 0:00:10]} 13. Be3 {[%emt 0:00:39]} Qa5 {[%emt 0:00:34]} 14. h5 {[%emt 0:04:03]} Rd8 {[%emt 0:01:20]} 15. Nb5 {[%emt 0:24:51]} Qxd2+ {[%emt 0:02:40]} 16. Bxd2 {[%emt 0:00:49]} a6 {[%emt 0:01:09]} 17. Nc3 {[%emt 0:00:37]} d5 {[%emt 0:01:31]} 18. O-O-O {[%emt 0:12:36]} d4 {[%emt 0:03:34]} 19. Na4 {[%emt 0:00:25]} b5 {[%emt 0:09:14]} 20. Nb6 {[%emt 0:00:08]} Rb8 {[%emt 0:01:42]} 21. Nxc8 {[%emt 0:00:13]} Rbxc8 {[%emt 0:01:01]} 22. f4 {[%emt 0:09:43]} b4 {[%emt 0:04:05]} 23. Bxa6 {[%emt 0:07:34]} Rc7 {[%emt 0:03:13]} 24. Kb1 {[%emt 0:12:08]} Ra8 {[%emt 0:05:24]} 25. Bb5 {[%emt 0:02:37]} Na7 {[%emt 0:03:06]} 26. Bd3 {[%emt 0:02:38]} Nc8 {[%emt 0:01:23]} 27. e5 {[%emt 0:06:51]} Nb6 {[%emt 0:01:08]} 28. Be4 {[%emt 0:02:31]} Ra6 {[%emt 0:01:25]} 29. Bd3 {[%emt 0:00:06]} Ra8 {[%emt 0:00:25]} 30. Be4 {[%emt 0:00:08]} Ra6 {[%emt 0:01:00]} 31. Be1 {[%emt 0:02:13]} Bc5 {[%emt 0:02:13]} 32. c3 {[%emt 0:01:01]} bxc3 {[%emt 0:01:33]} 33. bxc3 {[%emt 0:00:12]} Na4 {[%emt 0:00:38]} 34. Bc2 {[%emt 0:05:50]} dxc3 {[%emt 0:14:24]} 35. Bxa4 {[%emt 0:00:53]} Rxa4 {[%emt 0:01:02]} 36. Bxc3 {[%emt 0:00:43]} Bf8 {[%emt 0:00:14]} 37. Bb2 {[%emt 0:01:15]} Be7 {[%emt 0:08:40]} 38. Rc1 {[%emt 0:01:37]} Rac4 {[%emt 0:02:21]} 39. Rxc4 {[%emt 0:00:42]} Rxc4 {[%emt 0:00:03]} 40. Rc1 {[%emt 0:00:00]} Rxc1+ {[%emt 0:00:00]} 41. Bxc1 {[%emt 0:06:09]} f6 {[%emt 0:02:15]} 42. Kc2 {[%emt 0:00:35]} Kf7 {[%emt 0:01:55]} 43. Kb3 {[%emt 0:02:26]} Bd8 {[%emt 0:03:02]} 44. Kc4 {[%emt 0:00:52]} fxe5 {[%emt 0:03:33]} 45. fxe5 {[%emt 0:00:09]} Ke7 {[%emt 0:00:06]} 46. Ba3+ {[%emt 0:03:19]} Kf7 {[%emt 0:02:17]} 47. Bc1 {[%emt 0:00:07]} Ke7 {[%emt 0:00:03]} 48. g6 {[%emt 0:01:03]} hxg6 {[%emt 0:00:08]} 49. Bg5+ {[%emt 0:00:29]} 1-0

[Event "56th Rubinstein Memorial A 2020"]
[Site "Polanica Zdroj"]
[Date "2020.08.20"]
[Round "6.20"]
[White "Starosciak, Szymon"]
[Black "Jachym, Adam"]
[Result "1/2-1/2"]
[WhiteElo "1850"]
[BlackElo "2042"]
[Annotator "NA"]
[PlyCount "95"]
[EventDate "2020.08.15"]
[EventType "swiss"]
[EventCountry "POL"]
[SourceTitle "playchess.com"]
[Source "ChessBase"]
[SourceQuality "1"]
[TimeControl "40/5400+30:1800+30"]

1. e4 {[%emt 0:00:00]} e5 {[%emt 0:00:00]} 2. Nf3 {[%emt 0:00:00]} Nc6 {[%emt 0:00:00]} 3. Bb5 {[%emt 0:00:01]} Nf6 {[%emt 0:00:00]} 4. d3 {[%emt 0:00:10]} d6 {[%emt 0:02:53]} 5. c3 {[%emt 0:01:57]} Be7 {[%emt 0:00:53]} 6. O-O {[%emt 0:00:14]} O-O {[%emt 0:00:21]} 7. Re1 {[%emt 0:01:40]} a6 {[%emt 0:07:17]} 8. Ba4 {[%emt 0:00:25]} b5 {[%emt 0:00:21]} 9. Bb3 {[%emt 0:01:33]} Na5 {[%emt 0:01:15]} 10. Bc2 {[%emt 0:00:14]} c5 {[%emt 0:00:42]} 11. a4 {[%emt 0:02:41]} b4 {[%emt 0:02:11] was the old line (11...Rb8).} 12. Nbd2 {[%emt 0:02:02]} Rb8 {[%emt 0:04:51]} 13. Nf1 {[%emt 0:07:04] C88: Closed Ruy Lopez: Anti-Marshall Systems.} Re8 {[%emt 0:02:13]} 14. Ng3 {[%emt 0:01:38]} Bf8 {[%emt 0:06:46]} 15. d4 {[%emt 0:06:24] [#]} Qc7 $146 {[%emt 0:03:16]} ({Predecessor:} 15... b3 16. Bd3 h6 17. h3 Qc7 18. Be3 exd4 19. cxd4 c4 20. Bb1 c3 21. bxc3 Qxc3 {0-1 (32) Gallego Alcaraz,A (2512)-Quesada Perez,Y (2565) chess24.com INT 2020}) 16. Bg5 {[%emt 0:08:01]} Nd7 {[%emt 0:09:12]} 17. dxe5 {[%emt 0:03:33]} Nxe5 {[%emt 0:01:20]} 18. Nxe5 {[%emt 0:00:48]} dxe5 {[%emt 0:00:21]} 19. Nf5 {[%emt 0:08:52]} f6 {[%emt 0:07:21]} 20. Bc1 {[%emt 0:00:30]} Be6 {[%emt 0:01:30]} 21. Ne3 {[%emt 0:01:49]} Red8 {[%emt 0:06:32]} 22. Qe2 {[%emt 0:01:32]} bxc3 {[%emt 0:07:43]} 23. bxc3 {[%emt 0:01:13]} c4 {[%emt 0:00:18]} 24. Rd1 {[%emt 0:05:56]} Rxd1+ {[%emt 0:06:52]} 25. Qxd1 {[%emt 0:01:06]} Nb3 {[%emt 0:03:12]} 26. Rb1 {[%emt 0:00:57]} (26. Ra2 $15) 26... Nxc1 {[%emt 0:03:41]} 27. Rxb8 {[%emt 0:02:17]} Qxb8 {[%emt 0:01:34]} 28. Qxc1 {[%emt 0:00:08]} Bc5 {[%emt 0:02:35]} 29. Nd5 {[%emt 0:02:17]} a5 {[%emt 0:05:56]} 30. Qb1 {[%emt 0:03:09]} Qxb1+ {[%emt 0:04:06]} 31. Bxb1 {[%emt 0:00:08]} Bd7 {[%emt 0:00:19]} 32. Bc2 {[%emt 0:02:46]} Kf7 {[%emt 0:00:55]} 33. Ne3 {[%emt 0:00:29]} Bxe3 {[%emt 0:00:37]} 34. fxe3 {[%emt 0:00:04]} Bc6 {[%emt 0:00:35]} 35. Kf2 {[%emt 0:00:47]} h5 {[%emt 0:02:00]} 36. h4 {[%emt 0:01:57]} Ke6 {[%emt 0:00:24]} 37. g3 {[%emt 0:01:54]} Be8 {[%emt 0:03:25]} 38. Kg2 {[%emt 0:01:33]} g6 {[%emt 0:00:53]} 39. Kf3 {[%emt 0:03:56]} g5 {[%emt 0:01:14]} 40. Kf2 {[%emt 0:00:00]} Bc6 {[%emt 0:00:00]} 41. Ke2 {[%emt 0:02:09]} Be8 {[%emt 0:02:46]} 42. Kf2 {[%emt 0:01:30]} Bg6 {[%emt 0:03:02]} 43. Kf3 {[%emt 0:00:40]} Kd6 {[%emt 0:01:52]} 44. Kf2 {[%emt 0:00:39]} Ke6 {[%emt 0:01:26]} ({Black should play} 44... Be8 $17) 45. Kf3 $1 {[%emt 0:00:21]} g4+ {[%emt 0:01:06]} 46. Kf2 {[%emt 0:01:02]} f5 $11 {[%emt 0:00:11]} (46... Kd7 $17) 47. exf5+ {[%emt 0:01:57]} Bxf5 {[%emt 0:00:10]} 48. e4 {[%emt 0:00:43]} 1/2-1/2

[Event "56th Rubinstein Memorial A 2020"]
[Site "Polanica Zdroj"]
[Date "2020.08.21"]
[Round "7.1"]
[White "Sabuk, Piotr"]
[Black "Ovsejevitsch, Sergei"]
[Result "0-1"]
[WhiteElo "2377"]
[BlackElo "2587"]
[Annotator "TA"]
[PlyCount "72"]
[EventDate "2020.08.15"]
[EventType "swiss"]
[EventCountry "POL"]
[SourceTitle "playchess.com"]
[Source "ChessBase"]
[SourceQuality "1"]

{[%evp 18,72,22,16,36,29,66,30,72,47,66,33,57,73,66,29,31,-6,-4,-10,-5,-13,0,-39,-52,-54,-54,-62,-5,-2,-4,-48,-56,-63,-68,-47,-55,-250,-222,-248,-249,-227,-241,-522,-530,-826,-814,-812,-788,-760,-694,-682,-682,-667,-645,-648,-636]} 1. d4 Nf6 2. c4 e6 3. Nf3 d5 4. g3 Be7 5. Bg2 O-O 6. Nc3 b6 7. cxd5 exd5 8. O-O Bb7 9. Bf4 Na6 10. Ne5 Re8 $5 {[%mdl 4] Leaves trodden paths. E18: Queen's Indian: Old Main Line (4 g3 Bb7 5 Bg2 Be7 6 0-0 0-0 7 Nc3).} 11. Rc1 h6 12. Qa4 Bf8 {White has an edge.} 13. Rfd1 Qe7 {[#]} 14. Bh3 $146 {Hoping for Nc6.} ({Predecessor:} 14. Bf3 c5 15. Nb5 Ne4 16. Bxe4 dxe4 17. Nc4 cxd4 18. Ncd6 Nc5 19. Qxd4 Red8 20. Qc4 {0-1 (65) Meleshko,V (2296)-Ovsejevitsch,S (2591) Lvov 2019}) 14... g5 15. Be3 c5 16. Nd7 Nxd7 17. Bxd7 Red8 18. Bc6 Bxc6 19. Qxc6 Qe6 $36 {[%mdl 2048] White is under pressure.} 20. Qa4 Nc7 21. Kg2 Ne8 22. Qa6 Nd6 ({Black should try} 22... c4 $15) 23. dxc5 $11 Nf5 24. c6 ({Don't play} 24. cxb6 d4 $17) (24. Bd4 $5) 24... d4 {[%mdl 64] Double Attack} 25. c7 Qc6+ {[%mdl 64] Double Attack} 26. Kg1 Qxc7 27. Na4 $2 {This costs White the game.} (27. Nb1 $1 $15 Qe5 28. Bd2) 27... Qe5 $1 $19 ({And not} 27... dxe3 28. Rxc7 Rxd1+ 29. Kg2 $16) 28. Bd2 {[#]} b5 $1 29. Ba5 {[#]} Re8 $1 ({Don't take} 29... bxa4 30. Bc7 $17) 30. Bc7 $2 (30. Nc3) 30... Qxe2 {Black is clearly winning.} 31. Qa5 Qf3 {White must now prevent ...Re2.} 32. Qxb5 Re2 33. Rf1 {[#]} Ne3 $1 {[%csl Ge3][%cal Rf3g2][%mdl 512]} 34. Qc6 (34. fxe3 Qg2#) 34... Qxc6 35. Rxc6 Nxf1 36. Kxf1 d3 {Accuracy: White = 49%, Black = 87%.} 0-1

[Event "56th Rubinstein Memorial A 2020"]
[Site "Polanica Zdroj"]
[Date "2020.08.21"]
[Round "7.1"]
[White "Kowalczyk, Wojciech"]
[Black "Grzesik, Norbert"]
[Result "0-1"]
[WhiteElo "1873"]
[BlackElo "1980"]
[Annotator "TA"]
[PlyCount "68"]
[EventDate "2020.08.15"]
[EventType "swiss"]
[EventCountry "POL"]
[SourceTitle "playchess.com"]
[Source "ChessBase"]
[SourceQuality "1"]

{[%evp 16,68,29,8,0,18,14,0,0,2,0,6,7,25,0,0,49,0,44,-20,20,-142,-91,-85,-53,-79,-80,-102,0,-33,-36,-73,-81,-81,-81,-278,-287,-403,-399,-507,-470,-556,-547,-714,-726,-870,-868,-870,-857,-823,-801,-923,-928,-1825,-1770]} 1. e4 c5 2. Nc3 Nc6 3. Bb5 Nd4 4. Bc4 d6 5. Nge2 g6 6. Nxd4 cxd4 7. Ne2 Bg7 8. O-O e6 9. d3 Ne7 {B31: Sicilian: 2...Nc6 3 Bb5 g6.} 10. Bg5 h6 11. Bd2 O-O {The position is equal.} 12. Bb3 {[#]} d5 $146 ({Predecessor:} 12... a5 13. c3 dxc3 14. Bxc3 Bd7 15. Qd2 Qb6 16. Rfc1 {½-½ (16) Maiwald,J (2517)-Zawadzki,S (2411) Dresden 2003}) 13. f3 b6 14. Qe1 Bb7 15. Qh4 Nc6 16. Qh3 Kh7 17. g4 (17. exd5 $14 exd5 18. Ba4) 17... Na5 18. Kh1 $2 (18. e5 $1 $11) 18... Nxb3 $17 19. axb3 Rh8 20. g5 {[%cal Rg5h6]} h5 21. Qg3 a5 (21... e5 $17 22. h4 Qd7) 22. e5 Qc7 $1 {[%csl LRc2,LRe5][%mdl 64] [#] Double Attack} 23. Nxd4 Bxe5 24. Qf2 Bg7 {And now ...e5 would win.} 25. Bc3 $2 {[#] White does not recover from this.} (25. f4 $17) 25... e5 $1 $19 26. Ne2 (26. Nb5 {was worth a try.} Qd7 27. Na3 (27. Qxb6 $2 d4 $19)) 26... d4 27. Bd2 Qxc2 {[%mdl 64] Double Attack. Black is clearly winning.} 28. Ng3 Qxd3 29. Rae1 Rac8 30. Qe2 Qxe2 31. Rxe2 Ba6 {[%mdl 64] Skewer} 32. Ree1 Bxf1 33. Rxf1 Rc2 34. Bc1 Rhc8 {Accuracy: White = 33%, Black = 80%.} 0-1

[Event "56th Rubinstein Memorial A 2020"]
[Site "Polanica Zdroj"]
[Date "2020.08.21"]
[Round "7.2"]
[White "Bronowicki, Mateusz"]
[Black "Luch, Michal"]
[Result "1/2-1/2"]
[WhiteElo "2275"]
[BlackElo "2409"]
[Annotator "TA"]
[PlyCount "40"]
[EventDate "2020.08.15"]
[EventType "swiss"]
[EventCountry "POL"]
[SourceTitle "playchess.com"]
[Source "ChessBase"]
[SourceQuality "1"]

{[%evp 19,20,44,63]} 1. d4 d5 2. c4 e6 3. Nc3 Nf6 4. Bg5 Be7 5. e3 O-O 6. Nf3 h6 7. Bh4 b6 8. cxd5 exd5 9. Bd3 Be6 10. O-O c5 {[#]} {Predecessor:} 11. Rc1 $146 {D58: Queen's Gambit Declined: Tartakower Defence.} Nbd7 12. h3 Rc8 13. Bg3 c4 14. Bb1 b5 15. Ne5 b4 16. Ne2 Ne4 17. Bh2 Ndf6 18. f3 Nd6 19. Nf4 Bf5 20. Bxf5 Nxf5 {0-1 (49) Pages Rafart,J (2135)-Garcia Acosta,R (2090) Barcelona 2018} 1/2-1/2

[Event "56th Rubinstein Memorial A 2020"]
[Site "Polanica Zdroj"]
[Date "2020.08.21"]
[Round "7.2"]
[White "Mirowska, Oliwia"]
[Black "Kazmierowski, Tymon"]
[Result "0-1"]
[WhiteElo "1898"]
[BlackElo "1844"]
[Annotator "NA RC"]
[PlyCount "64"]
[EventDate "2020.08.15"]
[EventType "swiss"]
[EventCountry "POL"]
[SourceTitle "playchess.com"]
[Source "ChessBase"]
[SourceQuality "1"]
[TimeControl "40/5400+30:1800+30"]

1. a3 {[%emt 0:07:04]} Nf6 {[%emt 0:00:00]} 2. d3 {[%emt 0:00:07]} d5 {[%emt 0:00:15]} 3. g3 {[%emt 0:00:17]} g6 {[%emt 0:00:10]} 4. Bg2 {[%emt 0:00:18]} Bg7 {[%emt 0:00:07]} 5. e3 {[%emt 0:01:19]} c5 {[%emt 0:01:05]} 6. Ne2 {[%emt 0:00:13] [#] A00: Irregular Openings.} Nc6 $146 {[%emt 0:01:25]} ({Predecessor:} 6... O-O 7. Nd2 Nc6 8. h3 b6 9. e4 Bb7 10. exd5 Nxd5 11. Ne4 Rb8 12. h4 h6 {0-1 (27) Rotter,H (1922)-Surtmann,L (1837) Hoersching 2017}) 7. b3 {[%emt 0:02:15]} O-O {[%emt 0:06:49]} 8. Bb2 {[%emt 0:03:00]} Qc7 {[%emt 0:03:13]} 9. O-O {[%emt 0:00:26]} Rd8 {[%emt 0:01:31]} 10. Nd2 {[%emt 0:01:13]} e5 {[%emt 0:01:18]} 11. Rb1 {[%emt 0:03:36]} Be6 {[%emt 0:08:15]} 12. e4 {[%emt 0:10:06]} dxe4 {[%emt 0:13:24]} 13. Nxe4 {[%emt 0:00:25]} Nxe4 {[%emt 0:00:38]} 14. Bxe4 {[%emt 0:00:21]} f5 {[%emt 0:04:41]} 15. Bg2 {[%emt 0:00:41] [#]} Qf7 {[%emt 0:00:47]} (15... c4 $1 $15 {[%mdl 512]}) 16. Qc1 {[%emt 0:03:42]} (16. Bxc6 $1 $11 bxc6 17. Qc1) 16... Bd5 {[%emt 0:02:47]} 17. f4 {[%emt 0:03:31]} Bxg2 {[%emt 0:02:19]} 18. Kxg2 {[%emt 0:02:04]} Qd5+ {[%emt 0:00:47]} 19. Kg1 {[%emt 0:00:08]} e4 {[%emt 0:00:52]} 20. Rd1 {[%emt 0:04:06]} (20. dxe4 $15 Qxe4 21. Bxg7 Kxg7 22. Rf2) 20... Nd4 {[%emt 0:14:02]} 21. Nxd4 {[%emt 0:11:19]} cxd4 {[%emt 0:03:07]} 22. dxe4 {[%emt 0:05:24]} fxe4 {[%emt 0:02:25]} 23. Qd2 {[%emt 0:00:36]} Rac8 {[%emt 0:01:45]} 24. Qf2 {[%emt 0:04:38]} h5 {[%emt 0:10:51]} 25. Ba1 {[%emt 0:02:00]} h4 {[%emt 0:02:57]} 26. Rbc1 {[%emt 0:03:12]} h3 {[%emt 0:03:06]} 27. Qf1 {[%emt 0:01:07]} Qf5 {[%emt 0:02:07]} 28. Qe2 {[%emt 0:03:40]} e3 {[%emt 0:06:06]} 29. Rd3 {[%emt 0:00:39]} Qe4 {[%emt 0:00:34]} 30. Rcd1 {[%emt 0:01:11] [#]} Rxc2 $19 {[%emt 0:00:59]} 31. Qxc2 {[%emt 0:04:19]} e2 {[%emt 0:00:07]} 32. Kf2 {[%emt 0:01:18]} e1=Q+ {[%emt 0:00:59]} 0-1

[Event "56th Rubinstein Memorial A 2020"]
[Site "Polanica Zdroj"]
[Date "2020.08.21"]
[Round "7.3"]
[White "Pultinevicius, Paulius"]
[Black "Marszalek, Maciej"]
[Result "1-0"]
[WhiteElo "2512"]
[BlackElo "2315"]
[Annotator "TA"]
[PlyCount "53"]
[EventDate "2020.08.15"]
[EventType "swiss"]
[EventCountry "POL"]
[SourceTitle "playchess.com"]
[Source "ChessBase"]
[SourceQuality "1"]

{[%evp 13,53,6,30,-17,-16,-6,0,0,1,0,8,2,13,11,69,56,62,62,74,54,76,82,97,79,198,128,126,130,136,125,254,148,408,399,681,674,760,718,785,785,735,739]} 1. Nf3 Nf6 2. c4 c6 3. e3 g6 4. d4 Bg7 5. Bd3 O-O 6. O-O d6 7. Nc3 Nbd7 8. d5 {E61: King's Indian: Early deviations for White, including Smyslov System.} Nc5 {[#]} 9. Bc2 $146 ({Predecessor:} 9. b4 Nxd3 10. Qxd3 Bf5 11. e4 Nxe4 12. Nd4 Nxc3 13. Qxc3 c5 14. bxc5 dxc5 15. Be3 cxd4 16. Bxd4 Bxd4 17. Qxd4 {0-1 (43) Gestsson,P-Benediktsson,F (1950) Reykjavik 2009}) 9... Bg4 10. h3 {The position is equal.} Bxf3 11. Qxf3 Nfd7 12. e4 Nb6 13. b3 cxd5 (13... e6 $11) 14. exd5 $14 e6 15. dxe6 fxe6 16. Qg3 Be5 17. f4 Bd4+ 18. Kh1 Nbd7 (18... Qf6 $16 19. Bb2 e5) 19. Bd2 ({White should try} 19. b4 $18) 19... Nf6 20. Rae1 Nh5 21. Qg4 Qf6 (21... a5 $16) 22. Nb5 (22. Rf3 $18) 22... e5 $2 {[%mdl 8192] [#] This costs Black the game.} (22... a6 $16 {is a better defense.} 23. Nxd4 (23. Nxd6 Bc3 $14) 23... Qxd4) 23. f5 $18 Ne6 $2 (23... e4 24. Nxd4 Qxd4) 24. Rf3 {White is clearly winning.} Qg7 25. fxe6 Bf2 26. Rd1 Rxf3 27. gxf3 {Accuracy: White = 75%, Black = 40%.} 1-0

[Event "56th Rubinstein Memorial A 2020"]
[Site "Polanica Zdroj"]
[Date "2020.08.21"]
[Round "7.3"]
[White "Siekanska, Maria"]
[Black "Dytman, Radoslaw"]
[Result "1/2-1/2"]
[WhiteElo "1928"]
[BlackElo "1867"]
[Annotator "TA"]
[PlyCount "79"]
[EventDate "2020.08.15"]
[EventType "swiss"]
[EventCountry "POL"]
[SourceTitle "playchess.com"]
[Source "ChessBase"]
[SourceQuality "1"]

{[%evp 9,79,27,26,22,16,18,34,7,41,14,57,69,70,67,117,115,108,96,102,79,135,126,190,192,187,122,131,72,81,62,79,37,35,34,56,56,64,30,108,93,89,88,87,25,245,240,240,239,205,218,197,122,201,164,202,218,231,175,160,52,51,51,52,64,62,71,75,0,0,0,0,0]} 1. d4 d6 2. c4 e5 3. d5 f5 4. e4 fxe4 5. Nc3 Nf6 6. Nge2 {A41: 1 d4 d6: Tartakower System and Modern Defence.} Bf5 7. Ng3 Bg6 8. Bg5 {White is slightly better.} Be7 9. h4 h6 10. Bxf6 $1 Bxf6 11. Qg4 $36 {[%mdl 2048] White has good play.} Bh7 12. Qh5+ $1 {[#]} ({Of course not} 12. Ngxe4 $6 O-O $11) 12... Ke7 $146 ({Predecessor:} 12... Kf8 13. Ngxe4 Nd7 14. Bd3 a6 15. Rh3 Kg8 16. Rf3 Qe7 17. c5 Bxe4 18. Nxe4 dxc5 {1-0 (25) Porat,M (2246)-Priehoda,V (2398) Prague 2011}) 13. Ncxe4 Qe8 {And now ...Qxh5 would win.} 14. Nxf6 Kxf6 {[#]} (14... gxf6 $142 15. Qxh6 Nd7) 15. Qg4 $1 $16 {aiming for Nh5+.} ({Reject} 15. Qf3+ $6 Ke7 $11) 15... g6 (15... Kf7 $16 {might work better.}) 16. Bd3 $18 Nd7 17. Ne4+ ({Don't play} 17. h5 $6 g5 $14) ({White should try} 17. O-O $18) 17... Kg7 {[#]} 18. O-O-O (18. h5 $142 $1) 18... Rf8 $16 19. g3 Nf6 20. Nxf6 (20. Qe2 {keeps more tension.} Bg8 21. Rhe1 Nxe4 22. Bxe4 Rf6 23. Kb1) 20... Rxf6 21. Rhf1 Qc8 22. Qe2 Qf8 23. Rde1 Rd8 (23... Qf7 $11 {keeps the balance.}) 24. f4 exf4 25. gxf4 Rd7 26. h5 (26. Qe3 $16) 26... Rdf7 $2 (26... gxh5 $1 $11 27. Rg1+ Kh8) 27. Rg1 $18 {Black must now prevent hxg6.} g5 28. fxg5 hxg5 29. Rxg5+ Kh8 30. Bg6 (30. Bxh7 $18 Qh6 31. Qe8+ Rf8 32. Qe3 Kxh7 33. Kd1) 30... Rg7 (30... Rf2 $16 31. Qe8 Rf1 32. Qxf8+ Rxf8 33. Rxf1 Rxf1+ 34. Kd2 Rf4) 31. Qd3 Re7 32. Rxe7 Qxe7 33. Bxh7 Qxh7 34. Rg6 (34. Qd4 $16 Qh6 35. Qe3) 34... Qxh5 $14 35. Rxf6 {Rg6 would kill now.} Qg5+ 36. Kc2 {White threatens Rg6 and mate.} Qxf6 37. Qh3+ Kg7 38. Qc8 (38. Kb3 $16) 38... Qf2+ $11 39. Kc3 Qe3+ 40. Kc2 {Blacks defense is rewarded with a draw. Accuracy: White = 65%, Black = 61%.} 1/2-1/2

[Event "56th Rubinstein Memorial A 2020"]
[Site "Polanica Zdroj"]
[Date "2020.08.21"]
[Round "7.4"]
[White "Butkiewicz, Lukasz"]
[Black "Kucza, Karol"]
[Result "0-1"]
[WhiteElo "2400"]
[BlackElo "2245"]
[Annotator "TA"]
[PlyCount "86"]
[EventDate "2020.08.15"]
[EventType "swiss"]
[EventCountry "POL"]
[SourceTitle "playchess.com"]
[Source "ChessBase"]
[SourceQuality "1"]

{[%evp 17,86,-15,5,-7,4,0,-8,0,10,7,0,0,5,-8,0,-22,-30,-80,0,0,16,-102,-102,-168,-163,-164,-144,-199,-195,-196,-196,-286,-256,-285,-278,-416,-352,-364,-252,-615,-610,-737,-706,-710,-699,-681,-526,-503,-465,-462,-432,-520,-516,-514,-507,-487,-248,-887,-883,-876,-854,-841,-831,-753,-762,-1466,-894,-2059,-1142,-29989,-29990]} 1. d4 d5 2. c4 e6 3. Nf3 Nf6 4. Nc3 c6 5. g3 Nbd7 6. Bg2 dxc4 7. a4 Bb4 8. O-O O-O 9. Qc2 Qe7 10. Bf4 {E01: Catalan: Early deviations.} Nd5 11. Bg5 ({But not} 11. Nxd5 exd5 12. Bd2 Bxd2 $17) 11... f6 12. Bd2 {The position is equal.} Nxc3 13. bxc3 {[#]} Ba5 $146 ({Predecessor:} 13... Bd6 14. Qa2 e5 15. Qxc4+ Kh8 16. e4 Nb6 17. Qd3 Be6 18. Rfe1 Nc4 19. d5 Nxd2 20. Nxd2 cxd5 21. exd5 {1-0 (49) Weber,M (2248)-Zart,R (2228) Bad Schwartau 2018}) 14. Bc1 Qf7 15. Ba3 Re8 16. Rfd1 e5 17. e3 e4 ({Black should play} 17... exd4 $1 $17 18. Rxd4 Ne5) 18. Nd2 $11 f5 19. Rab1 (19. Bf1 $11 {keeps the balance.}) 19... Nf6 $17 {Black converts the advantage convincingly.} 20. Bb4 {[#]} (20. Rf1 $17) 20... Bc7 $1 $19 21. Qa2 b5 22. Bc5 (22. axb5 $17 {was worth a try.} cxb5 23. Ba5) 22... Nd5 23. Rdc1 Bd7 24. a5 (24. Nf1 $142) 24... a6 25. Qa3 Re6 26. Nf1 (26. Bb6 $142) 26... Rae8 27. Re1 Qh5 28. Ra1 $2 (28. Bb6) 28... g5 29. Nd2 f4 30. exf4 e3 31. fxe3 Nxe3 32. d5 Nxd5 {[%mdl 64] Discovered Attack} 33. Rxe6 Rxe6 ({Weaker is} 33... Bxe6 34. fxg5 Bh3 35. Bh1 $19) 34. Bf3 g4 35. Bg2 Re2 36. Nf1 Qg6 (36... Nxc3 $2 37. Bf2 $19) (36... Qf5 $142 {...Bxf4! is the strong threat.} 37. Bf2 {[#]} Bxf4 $1 {[%mdl 512]} 38. Bxd5+ Qxd5) 37. Bd4 $2 (37. Ra2 Rxa2 38. Bxd5+ cxd5 39. Qxa2) 37... Bd6 38. Qc1 Bf5 39. Nd2 Qh6 {Threatens to win with ...Nxf4!} 40. Qd1 Bd3 41. Nf1 Qe6 {aiming for ...Nxc3!} 42. Rc1 Ba3 43. Be5 Bc5+ {Accuracy: White = 36%, Black = 73%.} 0-1